[Event "blitmenteam"]
[Site "?"]
[Date "2016.10.07"]
[Round "11.5"]
[White "Kurbedinov, Ramis"]
[Black "Ponkratov, Pavel"]
[Result "0-1"]
[LiveChessVersion "1.4.4"]
[BlackElo "2679"]
[WhiteElo "2263"]

1. d4 {[%clk 0:03:03]} Nf6 {[%clk 0:03:04]} 2. Nf3 {[%clk 0:03:04]} c5
{[%clk 0:03:05]} 3. d5 {[%clk 0:03:04]} e6 {[%clk 0:03:05]} 4. c4
{[%clk 0:03:06]} exd5 {[%clk 0:03:06]} 5. cxd5 {[%clk 0:03:07]} d6
{[%clk 0:03:08]} 6. Nc3 {[%clk 0:03:08]} g6 {[%clk 0:03:09]} 7. Bf4
{[%clk 0:03:04]} a6 {[%clk 0:03:10]} 8. a4 {[%clk 0:03:02]} Bg7 {[%clk 0:03:11]}
9. Nd2 {[%clk 0:02:58]} Nh5 {[%clk 0:02:59]} 10. Bg3 {[%clk 0:02:53]} O-O
{[%clk 0:02:56]} 11. Nc4 {[%clk 0:02:45]} Nxg3 {[%clk 0:02:57]} 12. hxg3
{[%clk 0:02:46]} Re8 {[%clk 0:02:55]} 13. e3 {[%clk 0:02:38]} Qc7
{[%clk 0:02:54]} 14. Be2 {[%clk 0:02:28]} Nd7 {[%clk 0:02:55]} 15. a5
{[%clk 0:02:26]} b5 {[%clk 0:02:43]} 16. axb6 {[%clk 0:02:26]} Nxb6
{[%clk 0:02:45]} 17. O-O {[%clk 0:02:17]} Nxc4 {[%clk 0:02:43]} 18. Bxc4
{[%clk 0:02:18]} Qb6 {[%clk 0:02:31]} 19. Ra2 {[%clk 0:02:12]} h5
{[%clk 0:02:31]} 20. Qe2 {[%clk 0:02:06]} Be5 {[%clk 0:01:53]} 21. Rfa1
{[%clk 0:02:02]} Rb8 {[%clk 0:01:53]} 22. Qc2 {[%clk 0:01:39]} Qb4
{[%clk 0:01:49]} 23. Bxa6 {[%clk 0:01:16]} Bxa6 {[%clk 0:01:49]} 24. Rxa6
{[%clk 0:01:16]} Qxb2 {[%clk 0:01:50]} 25. Qxb2 {[%clk 0:01:11]} Rxb2
{[%clk 0:01:51]} 26. Ra8 {[%clk 0:00:41]} Rbb8 {[%clk 0:01:41]} 27. Rxb8
{[%clk 0:00:36]} Rxb8 {[%clk 0:01:42]} 28. Ra3 {[%clk 0:00:32]} c4
{[%clk 0:01:29]} 29. f4 {[%clk 0:00:23]} Bg7 {[%clk 0:01:29]} 30. Kf2
{[%clk 0:00:17]} f5 {[%clk 0:01:26]} 31. Kf3 {[%clk 0:00:15]} Kf8
{[%clk 0:01:01]} 32. e4 {[%clk 0:00:17]} Bxc3 {[%clk 0:00:52]} 33. Rxc3
{[%clk 0:00:18]} Rb3 {[%clk 0:00:53]} 0-1

[Event "blitmenteam"]
[Site "?"]
[Date "2016.10.07"]
[Round "11.6"]
[White "Khismatullin, Denis"]
[Black "Iljin, Timofey"]
[Result "1-0"]
[LiveChessVersion "1.4.4"]
[BlackElo "2398"]
[WhiteElo "2604"]

1. d4 {[%clk 0:03:03]} d5 {[%clk 0:03:04]} 2. c4 {[%clk 0:03:04]} e6
{[%clk 0:03:05]} 3. Nc3 {[%clk 0:03:05]} Bb4 {[%clk 0:03:06]} 4. a3
{[%clk 0:03:02]} Bxc3+ {[%clk 0:03:07]} 5. bxc3 {[%clk 0:03:03]} c5
{[%clk 0:03:08]} 6. cxd5 {[%clk 0:03:03]} exd5 {[%clk 0:03:10]} 7. e3
{[%clk 0:03:04]} Ne7 {[%clk 0:02:58]} 8. Ne2 {[%clk 0:02:56]} Bf5
{[%clk 0:02:58]} 9. Nf4 {[%clk 0:02:47]} Nbc6 {[%clk 0:02:50]} 10. g4
{[%clk 0:02:47]} Be4 {[%clk 0:02:37]} 11. f3 {[%clk 0:02:45]} Bg6
{[%clk 0:02:36]} 12. h4 {[%clk 0:02:42]} h5 {[%clk 0:02:37]} 13. g5
{[%clk 0:02:24]} Nf5 {[%clk 0:02:28]} 14. Kf2 {[%clk 0:02:21]} O-O
{[%clk 0:02:21]} 15. Bd3 {[%clk 0:02:07]} Nce7 {[%clk 0:01:50]} 16. Ra2
{[%clk 0:01:55]} Rc8 {[%clk 0:01:48]} 17. Re2 {[%clk 0:01:51]} cxd4
{[%clk 0:01:47]} 18. cxd4 {[%clk 0:01:52]} Qd6 {[%clk 0:01:37]} 19. Qd2
{[%clk 0:01:47]} Rc6 {[%clk 0:01:18]} 20. Qb4 {[%clk 0:01:38]} Rfc8
{[%clk 0:00:56]} 21. Qxd6 {[%clk 0:01:31]} Nxd6 {[%clk 0:00:56]} 22. Nxg6
{[%clk 0:01:24]} fxg6 {[%clk 0:00:54]} 23. Bd2 {[%clk 0:01:14]} Nc4
{[%clk 0:00:50]} 24. Rb1 {[%clk 0:00:49]} b6 {[%clk 0:00:51]} 25. e4
{[%clk 0:00:41]} Nxd2 {[%clk 0:00:45]} 26. Rxd2 {[%clk 0:00:42]} Rc3
{[%clk 0:00:42]} 27. exd5 {[%clk 0:00:17]} Nxd5 {[%clk 0:00:32]} 28. Rb5
{[%clk 0:00:13]} Nf4 {[%clk 0:00:30]} 29. Be4 {[%clk 0:00:12]} Rxa3
{[%clk 0:00:13]} 30. Re5 {[%clk 0:00:10]} Rf8 {[%clk 0:00:05]} 31. Kg3
{[%clk 0:00:09]} Ra1 {[%clk 0:00:05]} 32. d5 {[%clk 0:00:06]} Rg1+
{[%clk 0:00:05]} 33. Kh2 {[%clk 0:00:07]} Re1 {[%clk 0:00:03]} 34. d6
{[%clk 0:00:07]} Re2+ {[%clk 0:00:03]} 35. Rxe2 {[%clk 0:00:08]} Nxe2
{[%clk 0:00:04]} 36. Bd5+ {[%clk 0:00:08]} Kh7 {[%clk 0:00:06]} 37. Rxe2
{[%clk 0:00:08]} Rd8 {[%clk 0:00:07]} 38. Re6 {[%clk 0:00:09]} b5
{[%clk 0:00:09]} 39. Bc6 b4 40. d7 {[%clk 0:00:11]} b3 {[%clk 0:00:12]} 41. Re8
{[%clk 0:00:13]} b2 {[%clk 0:00:14]} 42. Rxd8 {[%clk 0:00:05]} b1=Q
{[%clk 0:00:14]} 43. Rh8+ {[%clk 0:00:05]} Kxh8 {[%clk 0:00:15]} 44. d8=Q+ Kh7
45. Qd2 {[%clk 0:00:05]} Qb8+ {[%clk 0:00:15]} 46. Kg2 {[%clk 0:00:06]} Qb6
{[%clk 0:00:14]} 47. Be4 {[%clk 0:00:06]} a5 {[%clk 0:00:14]} 48. Qa2
{[%clk 0:00:06]} Qb4 {[%clk 0:00:07]} 49. Qc2 {[%clk 0:00:06]} Qd6
{[%clk 0:00:07]} 50. Qd3 {[%clk 0:00:05]} Qb6 {[%clk 0:00:05]} 51. Qd5
{[%clk 0:00:06]} Qb2+ {[%clk 0:00:05]} 52. Kg3 {[%clk 0:00:07]} Qb8+
{[%clk 0:00:05]} 53. f4 Qb6 {[%clk 0:00:04]} 54. Qd3 {[%clk 0:00:06]} Qg1+
{[%clk 0:00:04]} 55. Kf3 {[%clk 0:00:06]} Qg4+ {[%clk 0:00:03]} 56. Ke3
{[%clk 0:00:07]} Qg1+ {[%clk 0:00:04]} 57. Kd2 {[%clk 0:00:08]} Qf2+
{[%clk 0:00:04]} 58. Kc3 {[%clk 0:00:09]} Qc5+ {[%clk 0:00:05]} 59. Kb2
{[%clk 0:00:09]} Qb4+ {[%clk 0:00:06]} 60. Ka2 {[%clk 0:00:08]} Qb6
{[%clk 0:00:07]} 61. f5 {[%clk 0:00:05]} gxf5 {[%clk 0:00:05]} 62. Bxf5+
{[%clk 0:00:06]} g6 {[%clk 0:00:07]} 63. Bxg6+ {[%clk 0:00:05]} Kg7
{[%clk 0:00:06]} 64. Be4 {[%clk 0:00:04]} Qf2+ {[%clk 0:00:07]} 65. Ka3
{[%clk 0:00:05]} Qxh4 {[%clk 0:00:06]} 66. Qd7+ {[%clk 0:00:05]} Kf8
{[%clk 0:00:07]} 67. Qd8+ {[%clk 0:00:05]} Kg7 {[%clk 0:00:03]} 68. Qf6+
{[%clk 0:00:06]} Kg8 {[%clk 0:00:04]} 69. Bd5+ {[%clk 0:00:06]} Kh7
{[%clk 0:00:05]} 70. Qh6# {[%clk 0:00:07]} 1-0

[Event "blitmenteam"]
[Site "?"]
[Date "2016.10.07"]
[Round "11.7"]
[White "Derjabin, Ilja"]
[Black "Pridorozhni, Aleksei"]
[Result "0-1"]
[LiveChessVersion "1.4.4"]
[BlackElo "2611"]
[WhiteElo "2400"]

1. d4 {[%clk 0:03:04]} d6 {[%clk 0:03:04]} 2. c4 {[%clk 0:03:04]} e5
{[%clk 0:03:05]} 3. Nf3 {[%clk 0:03:02]} Nc6 {[%clk 0:03:06]} 4. dxe5
{[%clk 0:02:47]} Nxe5 {[%clk 0:03:06]} 5. Nxe5 dxe5 {[%clk 0:03:07]} 6. Qxd8+
{[%clk 0:02:45]} Kxd8 {[%clk 0:03:08]} 7. Nc3 {[%clk 0:02:42]} Be6
{[%clk 0:03:08]} 8. b3 {[%clk 0:02:37]} c6 {[%clk 0:03:09]} 9. Bb2
{[%clk 0:02:14]} f6 {[%clk 0:03:09]} 10. O-O-O+ {[%clk 0:02:12]} Kc7
{[%clk 0:03:10]} 11. e3 {[%clk 0:02:09]} Nh6 {[%clk 0:03:10]} 12. Bd3
{[%clk 0:02:09]} Rd8 {[%clk 0:03:06]} 13. a3 {[%clk 0:02:07]} Ng4
{[%clk 0:03:06]} 14. Ne4 {[%clk 0:01:54]} Bf5 {[%clk 0:02:52]} 15. Rhf1
{[%clk 0:01:27]} Rxd3 {[%clk 0:02:46]} 16. Rxd3 {[%clk 0:01:18]} Bxe4
{[%clk 0:02:46]} 17. Rd2 {[%clk 0:01:19]} Bxg2 {[%clk 0:02:42]} 18. Rfd1
{[%clk 0:01:16]} Bc5 {[%clk 0:01:52]} 19. Rd7+ {[%clk 0:00:57]} Kc8
{[%clk 0:01:52]} 20. Rxg7 {[%clk 0:00:53]} Nxf2 {[%clk 0:01:52]} 21. Rdd7
{[%clk 0:00:53]} Bxe3+ {[%clk 0:01:52]} 22. Kb1 {[%clk 0:00:53]} Be4+
{[%clk 0:01:52]} 23. Ka2 {[%clk 0:00:55]} c5 {[%clk 0:01:51]} 24. b4
{[%clk 0:00:43]} Nd3 {[%clk 0:01:37]} 25. Bc3 {[%clk 0:00:36]} Nc1+
{[%clk 0:01:22]} 26. Kb2 {[%clk 0:00:35]} Ne2 {[%clk 0:01:23]} 27. bxc5
{[%clk 0:00:34]} Nxc3 {[%clk 0:01:20]} 28. Kxc3 {[%clk 0:00:35]} Rd8
{[%clk 0:01:18]} 29. Rdf7 {[%clk 0:00:24]} Kb8 {[%clk 0:00:57]} 30. Rxf6
{[%clk 0:00:19]} Bxc5 {[%clk 0:00:57]} 31. Rff7 {[%clk 0:00:15]} a6
{[%clk 0:00:55]} 32. a4 {[%clk 0:00:17]} Rd3+ {[%clk 0:00:53]} 33. Kb2
{[%clk 0:00:18]} Bd4+ {[%clk 0:00:53]} 34. Kc1 {[%clk 0:00:20]} Rc3+
{[%clk 0:00:46]} 35. Kd2 {[%clk 0:00:14]} Rc2+ {[%clk 0:00:45]} 36. Kd1
{[%clk 0:00:16]} Rxc4 {[%clk 0:00:46]} 37. Ke1 0-1

[Event "blitmenteam"]
[Site "?"]
[Date "2016.10.07"]
[Round "11.8"]
[White "Bologan, Victor"]
[Black "Papenin, Nikolai"]
[Result "1-0"]
[LiveChessVersion "1.4.4"]
[BlackElo "2334"]
[WhiteElo "2601"]

1. e4 {[%clk 0:03:03]} e5 {[%clk 0:03:03]} 2. Nf3 {[%clk 0:03:03]} Nc6
{[%clk 0:03:04]} 3. Bc4 {[%clk 0:03:05]} Nf6 {[%clk 0:03:05]} 4. d3
{[%clk 0:03:06]} Be7 {[%clk 0:03:05]} 5. O-O {[%clk 0:03:07]} O-O 6. Re1 d6
{[%clk 0:03:05]} 7. a4 {[%clk 0:03:09]} Be6 {[%clk 0:02:57]} 8. Nc3
{[%clk 0:03:04]} Qd7 {[%clk 0:02:53]} 9. h3 {[%clk 0:03:01]} h6 {[%clk 0:02:49]}
10. Bd2 {[%clk 0:02:56]} Rad8 {[%clk 0:02:25]} 11. Nd5 {[%clk 0:02:54]} Bxd5
{[%clk 0:02:17]} 12. exd5 {[%clk 0:02:53]} Nd4 {[%clk 0:02:12]} 13. Nxd4
{[%clk 0:02:36]} exd4 {[%clk 0:02:13]} 14. Qf3 {[%clk 0:02:37]} a6
{[%clk 0:02:10]} 15. Qf4 {[%clk 0:02:31]} Nxd5 {[%clk 0:01:49]} 16. Qxd4
{[%clk 0:02:21]} Nf6 {[%clk 0:01:39]} 17. Qe3 {[%clk 0:02:07]} Rfe8
{[%clk 0:01:17]} 18. Qf3 {[%clk 0:02:04]} d5 {[%clk 0:01:15]} 19. Bb3
{[%clk 0:02:05]} c6 {[%clk 0:01:04]} 20. Re2 {[%clk 0:01:49]} Nh7
{[%clk 0:00:53]} 21. Rae1 {[%clk 0:01:44]} Bg5 {[%clk 0:00:51]} 22. Ba5
{[%clk 0:01:39]} Rc8 {[%clk 0:00:46]} 23. Qg4 {[%clk 0:01:30]} f5
{[%clk 0:00:24]} 24. Rxe8+ {[%clk 0:01:31]} Rxe8 {[%clk 0:00:25]} 25. Rxe8+
{[%clk 0:01:32]} Qxe8 {[%clk 0:00:26]} 26. Qxf5 {[%clk 0:01:33]} Bf6
{[%clk 0:00:13]} 27. c4 {[%clk 0:01:27]} b6 {[%clk 0:00:09]} 28. Bxb6
{[%clk 0:00:52]} Qe1+ {[%clk 0:00:09]} 29. Kh2 {[%clk 0:00:53]} Be5+
{[%clk 0:00:03]} 30. f4 {[%clk 0:00:46]} Bd6 {[%clk 0:00:03]} 31. cxd5
{[%clk 0:00:43]} c5 {[%clk 0:00:04]} 32. Bxc5 {[%clk 0:00:32]} Bxc5
{[%clk 0:00:03]} 33. d6+ {[%clk 0:00:33]} Kh8 {[%clk 0:00:04]} 34. Qc8+
{[%clk 0:00:31]} Nf8 {[%clk 0:00:05]} 35. Qxf8+ {[%clk 0:00:31]} Kh7
{[%clk 0:00:07]} 36. Bg8+ {[%clk 0:00:30]} Kg6 {[%clk 0:00:08]} 37. Qf7#
{[%clk 0:00:31]} 1-0

[Event "blitmenteam"]
[Site "?"]
[Date "2016.10.07"]
[Round "11.9"]
[White "Savitskiy, Sergey"]
[Black "Savchenko, Boris"]
[Result "0-1"]
[LiveChessVersion "1.4.4"]
[BlackElo "2626"]
[WhiteElo "2341"]

1. e4 c5 2. Nf3 {[%clk 0:03:04]} g6 {[%clk 0:03:05]} 3. h4 {[%clk 0:02:53]} d6
{[%clk 0:03:04]} 4. h5 {[%clk 0:02:52]} Bg7 {[%clk 0:03:05]} 5. Bc4
{[%clk 0:02:50]} Nc6 {[%clk 0:03:04]} 6. d3 {[%clk 0:02:41]} gxh5
{[%clk 0:03:04]} 7. Rxh5 {[%clk 0:02:35]} Nf6 {[%clk 0:03:04]} 8. Rh4
{[%clk 0:02:36]} h5 {[%clk 0:03:01]} 9. Bf4 {[%clk 0:02:26]} d5 {[%clk 0:02:39]}
10. Bb5 {[%clk 0:01:59]} Qa5+ {[%clk 0:02:40]} 11. Nc3 {[%clk 0:01:55]} d4
{[%clk 0:02:41]} 12. Bxc6+ {[%clk 0:01:26]} bxc6 {[%clk 0:02:42]} 13. Bd2
{[%clk 0:01:28]} dxc3 14. Bxc3 {[%clk 0:01:29]} Qc7 {[%clk 0:02:44]} 15. Qd2
{[%clk 0:01:26]} Bh6 {[%clk 0:02:33]} 16. Qe2 {[%clk 0:01:24]} Bg4
{[%clk 0:02:31]} 17. Qf1 {[%clk 0:01:14]} Bxf3 {[%clk 0:02:02]} 18. gxf3
{[%clk 0:01:15]} O-O-O {[%clk 0:01:58]} 19. Ke2 {[%clk 0:01:11]} Bg5
{[%clk 0:01:54]} 20. Rh1 {[%clk 0:01:11]} h4 {[%clk 0:01:54]} 21. Qg2
{[%clk 0:00:46]} Rhg8 {[%clk 0:01:51]} 22. Rag1 {[%clk 0:00:45]} Kb7
{[%clk 0:01:46]} 23. Qh2 {[%clk 0:00:30]} Qxh2 {[%clk 0:01:43]} 24. Rxh2
{[%clk 0:00:31]} Nh5 {[%clk 0:01:39]} 25. Rg4 {[%clk 0:00:28]} f6
{[%clk 0:01:18]} 26. Rh1 {[%clk 0:00:24]} e5 {[%clk 0:01:16]} 27. b3
{[%clk 0:00:19]} Nf4+ {[%clk 0:01:10]} 28. Kf1 {[%clk 0:00:21]} Ne6
{[%clk 0:01:10]} 29. a4 {[%clk 0:00:15]} Nd4 30. Bxd4 {[%clk 0:00:16]} cxd4
{[%clk 0:01:11]} 31. Kg2 {[%clk 0:00:14]} Kb6 {[%clk 0:01:10]} 32. f4
{[%clk 0:00:08]} Bxf4 {[%clk 0:01:09]} 33. Rhxh4 {[%clk 0:00:08]} Ka5
{[%clk 0:01:10]} 34. Kf3 {[%clk 0:00:07]} Kb4 {[%clk 0:01:09]} 35. Rh7
{[%clk 0:00:08]} Rxg4 {[%clk 0:01:08]} 36. Kxg4 {[%clk 0:00:09]} Kc3
{[%clk 0:01:08]} 37. Rxa7 {[%clk 0:00:09]} Kxc2 {[%clk 0:01:09]} 38. Rc7
{[%clk 0:00:06]} Kxd3 {[%clk 0:01:09]} 39. f3 {[%clk 0:00:06]} Ke2
{[%clk 0:01:09]} 0-1

[Event "blitmenteam"]
[Site "?"]
[Date "2016.10.07"]
[Round "11.10"]
[White "Bocharov, Dmitry"]
[Black "Potapov, Pavel"]
[Result "1-0"]
[LiveChessVersion "1.4.4"]
[BlackElo "2471"]
[WhiteElo "2660"]

1. d4 {[%clk 0:03:03]} f5 {[%clk 0:03:01]} 2. Nf3 {[%clk 0:03:03]} Nf6
{[%clk 0:03:02]} 3. c4 {[%clk 0:03:04]} g6 {[%clk 0:03:03]} 4. e3
{[%clk 0:03:03]} d6 {[%clk 0:03:02]} 5. b4 {[%clk 0:03:04]} e5 {[%clk 0:03:02]}
6. dxe5 {[%clk 0:02:49]} dxe5 {[%clk 0:03:03]} 7. Qb3 {[%clk 0:02:50]} Qe7
{[%clk 0:02:46]} 8. a3 {[%clk 0:02:46]} e4 {[%clk 0:02:34]} 9. Nd4
{[%clk 0:02:46]} Bg7 {[%clk 0:02:33]} 10. Bb2 {[%clk 0:02:44]} Nbd7
{[%clk 0:02:25]} 11. Be2 {[%clk 0:02:40]} Ne5 {[%clk 0:02:25]} 12. c5
{[%clk 0:02:29]} c6 {[%clk 0:02:18]} 13. Nd2 {[%clk 0:02:29]} Nd5
{[%clk 0:02:07]} 14. O-O {[%clk 0:02:13]} O-O {[%clk 0:01:46]} 15. Nc4
{[%clk 0:02:14]} Nxc4 {[%clk 0:01:30]} 16. Bxc4 {[%clk 0:02:13]} Rd8
{[%clk 0:01:28]} 17. Rfd1 {[%clk 0:02:12]} Kh8 {[%clk 0:01:21]} 18. b5
{[%clk 0:02:05]} Bd7 {[%clk 0:00:54]} 19. Bxd5 {[%clk 0:02:02]} cxd5
{[%clk 0:00:53]} 20. Rac1 {[%clk 0:02:02]} Rac8 {[%clk 0:00:50]} 21. c6
{[%clk 0:01:26]} bxc6 {[%clk 0:00:51]} 22. Nxc6 {[%clk 0:01:27]} Bxc6
{[%clk 0:00:48]} 23. bxc6 {[%clk 0:01:27]} Bxb2 {[%clk 0:00:32]} 24. Qxb2+
{[%clk 0:01:28]} Qg7 {[%clk 0:00:33]} 25. Qb5 {[%clk 0:01:25]} d4
{[%clk 0:00:19]} 26. Rxd4 {[%clk 0:01:24]} Rxd4 {[%clk 0:00:18]} 27. exd4
{[%clk 0:01:20]} Qxd4 {[%clk 0:00:18]} 28. Qb7 {[%clk 0:01:18]} Rd8
{[%clk 0:00:14]} 29. h3 {[%clk 0:01:18]} Qd2 {[%clk 0:00:11]} 30. Rf1
{[%clk 0:01:14]} Qc3 {[%clk 0:00:11]} 31. c7 {[%clk 0:01:08]} Rf8
{[%clk 0:00:10]} 32. Rd1 {[%clk 0:01:07]} e3 {[%clk 0:00:11]} 33. fxe3
{[%clk 0:01:08]} Qxe3+ {[%clk 0:00:12]} 34. Kh1 {[%clk 0:01:09]} Qc3
{[%clk 0:00:11]} 35. Qxa7 {[%clk 0:01:07]} f4 {[%clk 0:00:05]} 36. Qd4+
{[%clk 0:01:07]} Qxd4 {[%clk 0:00:06]} 37. Rxd4 {[%clk 0:01:08]} Kg7
{[%clk 0:00:07]} 38. Rd8 {[%clk 0:01:09]} 1-0

[Event "blitmenteam"]
[Site "?"]
[Date "2016.10.07"]
[Round "11.11"]
[White "Belyakov, Bogdan"]
[Black "Evdokimov, Alexander A."]
[Result "1-0"]
[LiveChessVersion "1.4.4"]
[BlackElo "2524"]
[WhiteElo "2511"]

1. e4 {[%clk 0:03:03]} c6 {[%clk 0:03:03]} 2. d4 {[%clk 0:03:04]} d5
{[%clk 0:03:05]} 3. Nc3 {[%clk 0:03:05]} dxe4 {[%clk 0:03:05]} 4. Nxe4
{[%clk 0:03:07]} Nd7 {[%clk 0:03:06]} 5. Bd3 {[%clk 0:03:06]} Ngf6
{[%clk 0:03:03]} 6. Ng5 {[%clk 0:03:06]} e6 {[%clk 0:03:04]} 7. N1f3
{[%clk 0:03:06]} Bd6 {[%clk 0:03:04]} 8. Qe2 {[%clk 0:03:04]} h6 {[%clk 0:03:05]}
9. Ne4 {[%clk 0:02:57]} Nxe4 {[%clk 0:03:06]} 10. Qxe4 {[%clk 0:02:57]} Nf6
{[%clk 0:03:07]} 11. Qh4 {[%clk 0:02:57]} Qa5+ {[%clk 0:02:34]} 12. Bd2
{[%clk 0:02:52]} Qh5 {[%clk 0:02:32]} 13. Qxh5 {[%clk 0:02:53]} Nxh5
{[%clk 0:02:33]} 14. g3 {[%clk 0:02:43]} b6 {[%clk 0:02:20]} 15. Be4
{[%clk 0:02:39]} Bb7 {[%clk 0:02:20]} 16. Ne5 {[%clk 0:02:40]} Rc8
{[%clk 0:02:20]} 17. O-O {[%clk 0:02:37]} Nf6 {[%clk 0:02:17]} 18. Bg2
{[%clk 0:02:37]} O-O {[%clk 0:02:01]} 19. Rfe1 {[%clk 0:02:39]} Rfd8
{[%clk 0:01:59]} 20. c3 {[%clk 0:02:23]} Bb8 {[%clk 0:01:45]} 21. a4
{[%clk 0:02:23]} Nd7 {[%clk 0:01:28]} 22. Bf4 {[%clk 0:02:07]} Nxe5
{[%clk 0:01:19]} 23. Bxe5 {[%clk 0:02:08]} a5 {[%clk 0:01:08]} 24. Ra3
{[%clk 0:02:09]} Ba7 {[%clk 0:00:56]} 25. h4 {[%clk 0:01:59]} Ba6 26. Raa1
{[%clk 0:01:57]} c5 {[%clk 0:00:54]} 27. Rad1 {[%clk 0:01:42]} Bb8
{[%clk 0:00:36]} 28. Bxb8 {[%clk 0:01:38]} Rxb8 {[%clk 0:00:38]} 29. dxc5
{[%clk 0:01:19]} bxc5 {[%clk 0:00:39]} 30. Rxd8+ {[%clk 0:01:20]} Rxd8
{[%clk 0:00:40]} 31. Re5 {[%clk 0:01:20]} Rc8 {[%clk 0:00:40]} 32. Bf1
{[%clk 0:01:17]} Bxf1 {[%clk 0:00:37]} 33. Kxf1 {[%clk 0:01:18]} Kf8
{[%clk 0:00:39]} 34. Ke2 {[%clk 0:01:18]} Ke7 {[%clk 0:00:40]} 35. Kd3
{[%clk 0:01:19]} Kd6 {[%clk 0:00:39]} 36. f4 {[%clk 0:01:18]} f6 {[%clk 0:00:40]}
37. Re2 {[%clk 0:01:12]} Kd5 {[%clk 0:00:41]} 38. Rd2 {[%clk 0:00:51]} Rc7
{[%clk 0:00:38]} 39. b3 {[%clk 0:00:45]} Rb7 {[%clk 0:00:39]} 40. Kc2+
{[%clk 0:00:43]} Ke4 {[%clk 0:00:35]} 41. Rd6 {[%clk 0:00:43]} e5
{[%clk 0:00:34]} 42. fxe5 {[%clk 0:00:40]} fxe5 {[%clk 0:00:35]} 43. Ra6
{[%clk 0:00:37]} Kf3 {[%clk 0:00:34]} 44. Rxa5 {[%clk 0:00:32]} e4
{[%clk 0:00:29]} 45. Rxc5 {[%clk 0:00:33]} e3 {[%clk 0:00:28]} 46. Re5
{[%clk 0:00:30]} Rd7 {[%clk 0:00:24]} 47. c4 {[%clk 0:00:30]} e2 {[%clk 0:00:25]}
48. c5 {[%clk 0:00:18]} Rd5 {[%clk 0:00:22]} 49. Rxd5 {[%clk 0:00:15]} e1=Q
{[%clk 0:00:23]} 50. Rd3+ {[%clk 0:00:11]} Ke4 {[%clk 0:00:17]} 51. Rc3
{[%clk 0:00:12]} Qe2+ {[%clk 0:00:14]} 52. Kc1 {[%clk 0:00:12]} Qe1+
{[%clk 0:00:13]} 53. Kc2 {[%clk 0:00:13]} Qf2+ {[%clk 0:00:15]} 54. Kc1
{[%clk 0:00:13]} Qg1+ {[%clk 0:00:14]} 55. Kc2 {[%clk 0:00:14]} Qg2+
{[%clk 0:00:15]} 56. Kc1 {[%clk 0:00:15]} Qf1+ {[%clk 0:00:16]} 57. Kc2
{[%clk 0:00:17]} Qf2+ {[%clk 0:00:17]} 58. Kc1 {[%clk 0:00:18]} Qg1+
{[%clk 0:00:18]} 59. Kc2 {[%clk 0:00:19]} Kd4 {[%clk 0:00:16]} 60. Rc4+
{[%clk 0:00:20]} Kd5 {[%clk 0:00:17]} 61. c6 {[%clk 0:00:21]} Qf2+
{[%clk 0:00:18]} 62. Kb1 {[%clk 0:00:21]} Qf5+ {[%clk 0:00:16]} 63. Kb2
{[%clk 0:00:22]} Qf6+ {[%clk 0:00:16]} 64. Kb1 {[%clk 0:00:21]} Qf5+
{[%clk 0:00:16]} 65. Rc2 {[%clk 0:00:21]} Qf1+ {[%clk 0:00:15]} 66. Ka2
{[%clk 0:00:21]} Qf5 {[%clk 0:00:15]} 67. Kb2 {[%clk 0:00:22]} Qf6+
{[%clk 0:00:16]} 68. Kb1 {[%clk 0:00:16]} Qf1+ {[%clk 0:00:17]} 69. Rc1
{[%clk 0:00:16]} Qf5+ {[%clk 0:00:14]} 70. Kb2 {[%clk 0:00:16]} Qe5+
{[%clk 0:00:14]} 71. Rc3 {[%clk 0:00:15]} Qe2+ {[%clk 0:00:11]} 72. Rc2
{[%clk 0:00:17]} Qe5+ {[%clk 0:00:13]} 73. Ka2 {[%clk 0:00:18]} Qc7
{[%clk 0:00:10]} 74. b4 {[%clk 0:00:18]} Kd4 {[%clk 0:00:09]} 75. a5
{[%clk 0:00:17]} Kd3 {[%clk 0:00:10]} 76. Rc5 {[%clk 0:00:19]} Qf7+
{[%clk 0:00:09]} 77. Ka3 {[%clk 0:00:19]} Qc7 {[%clk 0:00:09]} 78. Ka4
{[%clk 0:00:20]} Kd4 {[%clk 0:00:08]} 79. h5 {[%clk 0:00:19]} Ke4
{[%clk 0:00:06]} 80. g4 {[%clk 0:00:18]} Kd4 {[%clk 0:00:07]} 81. Kb5
{[%clk 0:00:16]} Qb8+ {[%clk 0:00:08]} 82. Ka4 {[%clk 0:00:16]} Qc7
{[%clk 0:00:10]} 83. Rc1 {[%clk 0:00:12]} Kd5 {[%clk 0:00:09]} 84. a6
{[%clk 0:00:07]} Qb6 {[%clk 0:00:10]} 85. c7 {[%clk 0:00:07]} Qxa6+
{[%clk 0:00:12]} 86. Kb3 {[%clk 0:00:09]} Qd3+ {[%clk 0:00:13]} 87. Rc3
{[%clk 0:00:10]} Qd1+ {[%clk 0:00:14]} 88. Kb2 {[%clk 0:00:10]} Qd2+
{[%clk 0:00:15]} 89. Kb3 {[%clk 0:00:09]} Qd1+ {[%clk 0:00:17]} 90. Rc2
{[%clk 0:00:09]} Qb1+ {[%clk 0:00:15]} 91. Kc3 {[%clk 0:00:10]} Qa1+
{[%clk 0:00:16]} 92. Kb3 {[%clk 0:00:08]} Qb1+ {[%clk 0:00:17]} 93. Kc3
{[%clk 0:00:09]} Qa1+ {[%clk 0:00:18]} 94. Kd3 {[%clk 0:00:08]} Qf1+
{[%clk 0:00:18]} 95. Kd2 {[%clk 0:00:09]} Qf4+ {[%clk 0:00:19]} 96. Kd1
{[%clk 0:00:09]} Qf1+ {[%clk 0:00:20]} 97. Kd2 {[%clk 0:00:10]} Qf4+
{[%clk 0:00:22]} 98. Kd3 {[%clk 0:00:09]} Qf3+ {[%clk 0:00:21]} 99. Kd2
{[%clk 0:00:09]} Qf4+ {[%clk 0:00:23]} 100. Ke1 {[%clk 0:00:07]} Qxb4+
{[%clk 0:00:23]} 101. Rd2+ {[%clk 0:00:08]} Ke4 {[%clk 0:00:22]} 102. c8=Q
{[%clk 0:00:09]} Qb1+ {[%clk 0:00:21]} 103. Ke2 {[%clk 0:00:08]} Qb5+
{[%clk 0:00:22]} 104. Kd1 {[%clk 0:00:08]} Qb1+ {[%clk 0:00:20]} 105. Qc1
{[%clk 0:00:09]} Qb5 {[%clk 0:00:21]} 106. Qc2+ {[%clk 0:00:10]} Kf4
{[%clk 0:00:22]} 107. Qf5+ {[%clk 0:00:11]} Kg3 {[%clk 0:00:23]} 108. Qxb5
{[%clk 0:00:11]} 1-0